000 00367nam a2200169Ia 4500
001 12211
003 IN-NITTTR
005 20251114233114.0
008 251113s9999||||xx |||||||||||||| ||eng||
040 _beng
040 _cIN-NITTTR
041 _aeng
082 _a823 F266I
100 _aFast, Howard
245 0 _aImmigrants. /
_cFast, Howard
942 _2ddc
_cBK
999 _c14847
_d14847